[Event "DEN-chT XtraCon 2018-19"]
[Site "Denmark"]
[Date "2018.12.09"]
[Round "4"]
[White "Andersen, Bjarne Hjorth"]
[Black "Radovic, Slobodan"]
[Result "1/2-1/2"]
[WhiteElo "1928"]
[BlackElo "1553"]
[Annotator "NA"]
[PlyCount "82"]
[EventDate "2018.10.27"]
[EventType "team-tourn"]
[EventCountry "DEN"]
[SourceTitle "playchess.com"]
[Source "ChessBase"]
[SourceQuality "1"]
[TimeControl "40/5400+30:1800+30"]

1. e4 {[%emt 0:00:00]} d6 {[%emt 0:00:00]} 2. d4 {[%emt 0:00:00]} f5 {[%emt 0:00:36]} 3. Nc3 {[%emt 0:05:27]} Nf6 {[%emt 0:02:04]} 4. Bd3 {[%emt 0:00:12]} fxe4 {[%emt 0:02:47]} 5. Nxe4 {[%emt 0:00:19]} Nc6 {[%emt 0:01:36]} 6. Nxf6+ {[%emt 0:03:27]} exf6 {[%emt 0:06:00]} 7. Qh5+ {[%emt 0:01:43]} Ke7 {[%emt 0:00:58]} 8. Qe2+ {[%emt 0:17:39]} Kf7 {[%emt 0:07:09]} 9. c3 {[%emt 0:00:50]} g6 {[%emt 0:03:51]} 10. Nf3 {[%emt 0:02:38]} Bg7 {[%emt 0:01:30]} 11. O-O {[%emt 0:01:59]} Re8 {[%emt 0:04:11]} 12. Be3 {[%emt 0:00:46]} Ne7 {[%emt 0:01:15]} 13. Rae1 {[%emt 0:03:39]} Bf5 {[%emt 0:00:54]} 14. Bc4+ {[%emt 0:04:32]} d5 {[%emt 0:01:11]} 15. Bb3 {[%emt 0:02:16]} c6 {[%emt 0:00:03]} 16. Qd2 {[%emt 0:01:12]} g5 {[%emt 0:01:38]} 17. h4 {[%emt 0:06:00]} g4 {[%emt 0:00:46]} 18. Nh2 {[%emt 0:00:15]} h5 {[%emt 0:00:13]} 19. g3 {[%emt 0:04:02]} Bg6 {[%emt 0:05:18]} 20. Bf4 {[%emt 0:03:14]} Qd7 {[%emt 0:01:20]} 21. Re2 {[%emt 0:02:12]} Nf5 {[%emt 0:00:40]} 22. Rfe1 {[%emt 0:00:25]} Rxe2 {[%emt 0:00:02]} 23. Rxe2 {[%emt 0:00:11]} Re8 {[%emt 0:00:04]} 24. Nf1 {[%emt 0:04:12]} Rxe2 {[%emt 0:00:32]} 25. Qxe2 {[%emt 0:00:08]} Qe6 {[%emt 0:01:15]} 26. Qd2 {[%emt 0:04:24]} Nd6 {[%emt 0:08:21]} 27. Bxd6 {[%emt 0:03:27]} Qxd6 {[%emt 0:00:50]} 28. Bc2 {[%emt 0:00:06]} Qe6 {[%emt 0:06:35]} 29. Ne3 {[%emt 0:03:14]} Bh6 {[%emt 0:01:29]} 30. Bxg6+ {[%emt 0:01:18]} Kxg6 {[%emt 0:00:04]} 31. Qd3+ {[%emt 0:03:09]} Qe4 {[%emt 0:01:47]} 32. Qxe4+ {[%emt 0:03:45]} dxe4 {[%emt 0:00:02]} 33. Nc4 {[%emt 0:00:27]} b6 {[%emt 0:02:21]} 34. b3 {[%emt 0:01:23]} Bf8 {[%emt 0:03:41]} 35. Kf1 {[%emt 0:01:14]} Kf5 {[%emt 0:01:44]} 36. Ne3+ {[%emt 0:01:35]} Ke6 {[%emt 0:00:58]} 37. c4 {[%emt 0:00:13]} f5 {[%emt 0:07:19]} 38. Ke2 {[%emt 0:01:29]} Bg7 {[%emt 0:04:55]} 39. d5+ {[%emt 0:02:28]} cxd5 {[%emt 0:00:09]} 40. cxd5+ {[%emt 0:00:06]} Ke5 {[%emt 0:00:36]} 41. d6 {[%emt 0:30:16]} Bf6 {[%emt 0:31:17]} 1/2-1/2

[Event "DEN-chT XtraCon 2018-19"]
[Site "Denmark"]
[Date "2018.12.09"]
[Round "4"]
[White "Sorensen, Jens Kristian"]
[Black "Hestehauge, Klaus"]
[Result "1/2-1/2"]
[WhiteElo "1908"]
[BlackElo "1928"]
[Annotator "NA"]
[PlyCount "40"]
[EventDate "2018.10.27"]
[EventType "team-tourn"]
[EventCountry "DEN"]
[SourceTitle "playchess.com"]
[Source "ChessBase"]
[SourceQuality "1"]
[TimeControl "40/5400+30:1800+30"]

1. d4 {[%emt 0:00:00]} Nf6 {[%emt 0:00:00]} 2. c4 {[%emt 0:00:00]} e5 {[%emt 0:00:00]} 3. dxe5 {[%emt 0:04:25]} Ne4 {[%emt 0:00:50]} 4. a3 {[%emt 0:02:08]} Nc6 {[%emt 0:00:21]} 5. Nf3 {[%emt 0:00:32]} d6 {[%emt 0:03:09]} 6. exd6 {[%emt 0:00:57]} Bxd6 {[%emt 0:00:07]} 7. e3 {[%emt 0:01:29]} Qf6 {[%emt 0:01:01]} 8. Nbd2 {[%emt 0:04:39]} Bf5 {[%emt 0:02:40]} 9. Nxe4 {[%emt 0:04:47]} Bxe4 {[%emt 0:00:26]} 10. Bd3 {[%emt 0:01:06]} Bxd3 {[%emt 0:06:26]} 11. Qxd3 {[%emt 0:00:11]} O-O-O {[%emt 0:00:17]} 12. Qc2 {[%emt 0:02:17]} g5 13. c5 {[%emt 0:04:24]} Be7 {[%emt 0:08:07]} 14. Bd2 {[%emt 0:03:16]} Rhe8 15. Bc3 Qe6 {[%emt 0:18:53]} 16. b4 {[%emt 0:03:30]} g4 17. Nd2 {[%emt 0:03:21]} f5 {[%emt 0:18:46]} 18. O-O-O {[%emt 0:07:20]} Bf6 {[%emt 0:15:02]} 19. Nb3 {[%emt 0:04:42]} Bxc3 {[%emt 0:00:26]} 20. Qxc3 {[%emt 0:00:00]} Qe4 {[%emt 0:05:54]} 1/2-1/2

[Event "DEN-chT XtraCon 2018-19"]
[Site "Denmark"]
[Date "2018.12.09"]
[Round "4"]
[White "Krogh, Peter Ove"]
[Black "Christensen, Benny"]
[Result "1-0"]
[WhiteElo "1796"]
[BlackElo "1723"]
[Annotator "NA"]
[PlyCount "105"]
[EventDate "2018.10.27"]
[EventType "team-tourn"]
[EventCountry "DEN"]
[SourceTitle "playchess.com"]
[Source "ChessBase"]
[SourceQuality "1"]
[TimeControl "40/5400+30:1800+30"]

1. c4 {[%emt 0:00:00]} Nf6 {[%emt 0:00:00]} 2. d4 {[%emt 0:00:00]} d5 {[%emt 0:00:05]} 3. Nc3 {[%emt 0:00:39]} e6 {[%emt 0:01:05]} 4. Bg5 {[%emt 0:00:16]} Be7 {[%emt 0:00:35]} 5. e3 {[%emt 0:00:17]} c6 {[%emt 0:01:56]} 6. Nf3 {[%emt 0:00:16]} Nbd7 {[%emt 0:02:23]} 7. Qc2 {[%emt 0:00:45]} O-O {[%emt 0:03:57]} 8. b3 {[%emt 0:00:37]} Re8 {[%emt 0:01:10]} 9. Bd3 {[%emt 0:00:55]} h6 {[%emt 0:08:29]} 10. Bh4 {[%emt 0:02:05]} Bf8 {[%emt 0:02:34]} 11. O-O {[%emt 0:03:20]} b6 {[%emt 0:01:22]} 12. h3 {[%emt 0:00:35]} Bb7 {[%emt 0:00:43]} 13. e4 {[%emt 0:03:53]} e5 {[%emt 0:08:07]} 14. Nxe5 {[%emt 0:03:39]} Nxe5 {[%emt 0:00:13]} 15. dxe5 {[%emt 0:00:09]} Rxe5 {[%emt 0:00:13]} 16. exd5 {[%emt 0:03:52]} cxd5 {[%emt 0:00:47]} 17. Bg3 {[%emt 0:02:42]} Re8 {[%emt 0:00:39]} 18. Rad1 {[%emt 0:00:29]} Rc8 {[%emt 0:01:09]} 19. Bf5 {[%emt 0:00:42]} Rc5 {[%emt 0:06:11]} 20. Qd3 {[%emt 0:04:48]} Qa8 {[%emt 0:01:46]} 21. Na4 {[%emt 0:01:59]} dxc4 {[%emt 0:00:29]} 22. Qb1 {[%emt 0:01:24]} Ra5 {[%emt 0:02:45]} 23. Bc2 {[%emt 0:01:19]} Be4 {[%emt 0:01:33]} 24. Nc3 {[%emt 0:01:31]} Bxc2 {[%emt 0:01:05]} 25. Qxc2 {[%emt 0:00:12]} cxb3 {[%emt 0:00:06]} 26. Qxb3 {[%emt 0:00:50]} Qc6 {[%emt 0:02:06]} 27. a4 {[%emt 0:05:16]} Rc5 {[%emt 0:00:35]} 28. Nb5 {[%emt 0:01:20]} a6 {[%emt 0:01:24]} 29. Nd4 {[%emt 0:04:17]} Qb7 {[%emt 0:00:15]} 30. Rb1 {[%emt 0:00:38]} Ne4 {[%emt 0:02:13]} 31. Qxb6 {[%emt 0:01:35]} Qxb6 {[%emt 0:00:32]} 32. Rxb6 {[%emt 0:00:17]} Nxg3 {[%emt 0:00:15]} 33. fxg3 {[%emt 0:00:04]} Rc4 {[%emt 0:00:43]} 34. Nb3 {[%emt 0:01:57]} Rxa4 {[%emt 0:00:26]} 35. Kh2 {[%emt 0:00:31]} Ra2 {[%emt 0:00:36]} 36. Nc1 {[%emt 0:03:36]} Ra1 {[%emt 0:00:13]} 37. Rc6 {[%emt 0:01:05]} a5 {[%emt 0:02:14]} 38. Kg1 {[%emt 0:00:19]} a4 {[%emt 0:00:15]} 39. Kf2 {[%emt 0:00:34]} a3 {[%emt 0:00:18]} 40. Rd1 {[%emt 0:03:18]} Rb1 {[%emt 0:01:05]} 41. Rd2 {[%emt 0:32:29]} Reb8 {[%emt 0:31:38]} 42. Na2 {[%emt 0:04:19]} R1b2 {[%emt 0:00:07]} 43. Ke2 {[%emt 0:03:07]} g6 {[%emt 0:01:39]} 44. Rdc2 {[%emt 0:06:51]} R8b3 {[%emt 0:00:59]} 45. g4 {[%emt 0:00:38]} Kg7 {[%emt 0:05:23]} 46. Kd1 {[%emt 0:01:23]} Be7 {[%emt 0:00:37]} 47. Nc1 {[%emt 0:03:40]} Rb1 {[%emt 0:01:43]} 48. Ra2 {[%emt 0:01:15]} Bg5 {[%emt 0:00:51]} 49. Rac2 {[%emt 0:08:10]} R3b2 {[%emt 0:05:00]} 50. h4 {[%emt 0:02:06]} Bf6 {[%emt 0:03:23]} 51. Ra6 {[%emt 0:01:19]} Rxc2 {[%emt 0:00:19]} 52. Kxc2 {[%emt 0:00:13]} Bb2 {[%emt 0:00:31]} 53. Kxb1 {[%emt 0:00:41]} 1-0

[Event "DEN-chT XtraCon 2018-19"]
[Site "Denmark"]
[Date "2018.12.09"]
[Round "4"]
[White "Kuhnrich, Soren"]
[Black "Smidt-Nielsen, Henrik"]
[Result "0-1"]
[WhiteElo "1722"]
[BlackElo "1990"]
[Annotator "NA"]
[PlyCount "112"]
[EventDate "2018.10.27"]
[EventType "team-tourn"]
[EventCountry "DEN"]
[SourceTitle "playchess.com"]
[Source "ChessBase"]
[SourceQuality "1"]
[TimeControl "40/5400+30:1800+30"]

1. d4 {[%emt 0:00:00]} Nf6 {[%emt 0:00:00]} 2. c4 {[%emt 0:00:00]} g6 {[%emt 0:00:37]} 3. Nc3 {[%emt 0:06:18]} Bg7 {[%emt 0:01:21]} 4. e4 {[%emt 0:00:23]} d6 {[%emt 0:00:05]} 5. f3 {[%emt 0:00:29]} O-O {[%emt 0:00:16]} 6. Be3 {[%emt 0:00:17]} e5 {[%emt 0:03:24]} 7. Nge2 {[%emt 0:02:12]} Nc6 {[%emt 0:08:07]} 8. Qd2 {[%emt 0:03:34]} exd4 {[%emt 0:04:21]} 9. Nxd4 {[%emt 0:04:11]} Nxd4 {[%emt 0:05:12]} 10. Bxd4 {[%emt 0:02:29]} Be6 {[%emt 0:07:56]} 11. O-O-O {[%emt 0:11:21]} a6 {[%emt 0:07:32]} 12. g4 {[%emt 0:02:34]} b5 {[%emt 0:05:20]} 13. c5 {[%emt 0:04:21]} dxc5 {[%emt 0:03:04]} 14. Bxc5 {[%emt 0:02:12]} Qxd2+ {[%emt 0:00:57]} 15. Kxd2 {[%emt 0:00:27]} Rfd8+ {[%emt 0:06:16]} 16. Kc2 {[%emt 0:02:09]} Rxd1 {[%emt 0:05:51]} 17. Kxd1 {[%emt 0:01:35]} Nd7 {[%emt 0:00:31]} 18. Be7 {[%emt 0:09:32]} Re8 {[%emt 0:02:32]} 19. Bg5 {[%emt 0:07:39]} Nb6 {[%emt 0:08:16]} 20. a3 {[%emt 0:14:43]} Nc4 {[%emt 0:03:54]} 21. Kc2 {[%emt 0:05:54]} c6 {[%emt 0:06:04]} 22. Bxc4 {[%emt 0:02:44]} Bxc4 {[%emt 0:00:08]} 23. Re1 {[%emt 0:00:46]} a5 {[%emt 0:02:52]} 24. b3 {[%emt 0:00:55]} Be6 {[%emt 0:01:02]} 25. Rd1 {[%emt 0:01:59]} f6 {[%emt 0:03:45]} 26. Bf4 {[%emt 0:00:28]} Bf8 {[%emt 0:00:29]} 27. Bd6 {[%emt 0:07:13]} Rd8 {[%emt 0:04:13]} 28. Bxf8 {[%emt 0:00:13]} Rxd1 {[%emt 0:00:03]} 29. Nxd1 {[%emt 0:00:20]} Kxf8 30. Nb2 {[%emt 0:00:38]} Ke7 {[%emt 0:02:41]} 31. Nd3 {[%emt 0:00:49]} Kd6 {[%emt 0:00:16]} 32. h3 {[%emt 0:00:18]} g5 {[%emt 0:00:52]} 33. Kc3 {[%emt 0:00:25]} c5 {[%emt 0:00:50]} 34. a4 {[%emt 0:02:19]} b4+ {[%emt 0:03:44]} 35. Kc2 {[%emt 0:00:11]} c4 {[%emt 0:00:23]} 36. bxc4 {[%emt 0:00:24]} Bxc4 {[%emt 0:00:13]} 37. Nb2 {[%emt 0:00:26]} Be2 {[%emt 0:01:51]} 38. Kd2 {[%emt 0:00:05]} Bxf3 {[%emt 0:02:44]} 39. Ke3 {[%emt 0:00:30]} Bg2 {[%emt 0:00:19]} 40. Nc4+ {[%emt 0:00:11]} Kc5 {[%emt 0:00:40]} 41. Nxa5 {[%emt 0:30:03]} Bxh3 {[%emt 0:30:44]} 42. Nb3+ {[%emt 0:01:07]} Kb6 {[%emt 0:00:46]} 43. Kf3 {[%emt 0:00:19]} Bf1 {[%emt 0:00:18]} 44. e5 {[%emt 0:00:16]} fxe5 {[%emt 0:00:24]} 45. Ke4 {[%emt 0:00:02]} Bc4 {[%emt 0:00:31]} 46. Nd2 {[%emt 0:00:03]} Be6 {[%emt 0:00:21]} 47. Nf3 {[%emt 0:02:12]} Bxg4 {[%emt 0:00:28]} 48. Nxe5 {[%emt 0:01:16]} Bd1 {[%emt 0:00:26]} 49. Nc4+ {[%emt 0:00:22]} Kc5 {[%emt 0:00:43]} 50. Ne3 {[%emt 0:02:16]} Bxa4 {[%emt 0:00:33]} 51. Kd3 {[%emt 0:00:30]} h5 52. Ng2 {[%emt 0:01:09]} Bb5+ {[%emt 0:01:07]} 53. Kc2 {[%emt 0:00:15]} h4 {[%emt 0:00:13]} 54. Ne3 {[%emt 0:00:08]} h3 {[%emt 0:00:19]} 55. Ng4 {[%emt 0:00:07]} Bd7 {[%emt 0:00:15]} 56. Ne3 {[%emt 0:00:13]} h2 {[%emt 0:00:24]} 0-1

[Event "DEN-chT XtraCon 2018-19"]
[Site "Denmark"]
[Date "2018.12.09"]
[Round "4"]
[White "Holbæk III 5Rasmussen, Gudmund"]
[Black "Carlsen, Erik"]
[Result "0-1"]
[WhiteElo "1589"]
[BlackElo "1890"]
[Annotator "NA"]
[PlyCount "50"]
[EventDate "2018.10.27"]
[EventType "team-tourn"]
[EventCountry "DEN"]
[SourceTitle "playchess.com"]
[Source "ChessBase"]
[SourceQuality "1"]
[TimeControl "40/5400+30:1800+30"]

1. c4 {[%emt 0:00:00]} c5 {[%emt 0:00:00]} 2. d3 {[%emt 0:00:15]} Nf6 {[%emt 0:00:00]} 3. Nf3 {[%emt 0:00:44]} d5 {[%emt 0:00:21]} 4. cxd5 {[%emt 0:02:30]} Nxd5 {[%emt 0:00:44]} 5. e4 {[%emt 0:00:39]} Nb6 {[%emt 0:00:24]} 6. Nc3 {[%emt 0:02:57]} Nc6 {[%emt 0:00:13]} 7. Be2 {[%emt 0:02:45]} e5 {[%emt 0:01:28]} 8. O-O {[%emt 0:07:00]} Be7 {[%emt 0:01:22]} 9. a3 {[%emt 0:20:37]} O-O {[%emt 0:02:00]} 10. h3 {[%emt 0:08:13]} Be6 {[%emt 0:00:50]} 11. Qd2 {[%emt 0:09:08]} f6 {[%emt 0:01:46]} 12. Bd1 {[%emt 0:04:28]} Qd7 {[%emt 0:04:53]} 13. Ne1 {[%emt 0:00:25]} Rfd8 {[%emt 0:05:08]} 14. b3 {[%emt 0:05:06]} Rac8 {[%emt 0:13:57]} 15. Rb1 {[%emt 0:00:28]} Qe8 {[%emt 0:01:54]} 16. Qe3 {[%emt 0:06:16]} Rc7 {[%emt 0:04:29]} 17. f4 {[%emt 0:04:18]} exf4 {[%emt 0:04:27]} 18. Rxf4 {[%emt 0:02:08]} Rcd7 {[%emt 0:02:20]} 19. Bg4 {[%emt 0:00:52]} Bxg4 {[%emt 0:01:59]} 20. Rxg4 {[%emt 0:00:21]} Ne5 {[%emt 0:00:36]} 21. Rg3 {[%emt 0:00:14]} Nxd3 {[%emt 0:06:31]} 22. Qh6 {[%emt 0:00:41]} Qf7 {[%emt 0:00:56]} 23. Qe3 {[%emt 0:01:45]} c4 {[%emt 0:02:15]} 24. Kf1 {[%emt 0:03:54]} Bc5 {[%emt 0:05:31]} 25. Qh6 {[%emt 0:03:12]} Bf2 0-1

[Event "DEN-chT XtraCon 2018-19"]
[Site "Denmark"]
[Date "2018.12.09"]
[Round "4"]
[White "Dalgaard, Mads"]
[Black "Meskenas, Paulius"]
[Result "0-1"]
[WhiteElo "1303"]
[BlackElo "1763"]
[Annotator "NA"]
[PlyCount "46"]
[EventDate "2018.10.27"]
[EventType "team-tourn"]
[EventCountry "DEN"]
[SourceTitle "playchess.com"]
[Source "ChessBase"]
[SourceQuality "1"]
[TimeControl "40/5400+30:1800+30"]

1. d4 {[%emt 0:00:00]} d5 {[%emt 0:00:00]} 2. Bf4 {[%emt 0:00:22]} Bf5 {[%emt 0:00:00]} 3. Nc3 {[%emt 0:01:34]} a6 {[%emt 0:03:06]} 4. g3 {[%emt 0:02:32]} Nc6 {[%emt 0:00:47]} 5. a3 {[%emt 0:00:34]} Nf6 {[%emt 0:00:26]} 6. Bg2 {[%emt 0:02:40]} e6 {[%emt 0:00:29]} 7. e3 {[%emt 0:02:51]} Bd6 {[%emt 0:01:27]} 8. Nge2 {[%emt 0:01:48]} Bg4 {[%emt 0:00:37]} 9. h3 {[%emt 0:01:52]} Bh5 {[%emt 0:00:14]} 10. g4 {[%emt 0:02:19]} Bg6 {[%emt 0:00:57]} 11. Bg5 {[%emt 0:01:14]} Be7 {[%emt 0:01:43]} 12. Bxf6 {[%emt 0:08:00]} Bxf6 {[%emt 0:00:44]} 13. Bf3 {[%emt 0:01:09]} b5 {[%emt 0:02:17]} 14. b4 {[%emt 0:01:22]} O-O {[%emt 0:00:54]} 15. h4 {[%emt 0:00:18]} Bxh4 {[%emt 0:00:31]} 16. Nf4 {[%emt 0:03:15]} Bg5 {[%emt 0:02:56]} 17. Nxg6 {[%emt 0:02:40]} hxg6 {[%emt 0:01:30]} 18. Qe2 {[%emt 0:01:33]} f5 {[%emt 0:00:27]} 19. O-O-O {[%emt 0:02:37]} Qf6 {[%emt 0:00:22]} 20. a4 {[%emt 0:04:48]} Nxd4 {[%emt 0:00:46]} 21. Qd3 {[%emt 0:02:13]} Nxf3 {[%emt 0:00:15]} 22. axb5 {[%emt 0:00:30]} axb5 {[%emt 0:00:07]} 23. Nxb5 {[%emt 0:01:48]} Qa1# {[%emt 0:00:02]} 0-1

[Event "DEN-chT XtraCon 2018-19"]
[Site "Denmark"]
[Date "2019.01.12"]
[Round "5"]
[White "Hillarp Persson, Tiger"]
[Black "Andersen, Mads"]
[Result "1/2-1/2"]
[WhiteElo "2549"]
[BlackElo "2611"]
[Annotator "TA"]
[PlyCount "44"]
[EventDate "2018.10.27"]
[EventType "team-tourn"]
[EventCountry "DEN"]
[SourceTitle "playchess.com"]
[Source "ChessBase"]
[SourceQuality "1"]

{[%evp 17,44,15,12,0,-6,0,0,0,5,-57,-33,-60,0,0,0,0,0,-6,11,7,12,9,1,0,0,0,0,0,0]} 1. d4 Nf6 2. c4 g6 3. Nc3 d5 4. Nf3 Bg7 5. Qb3 dxc4 6. Qxc4 O-O 7. e4 c6 8. Qb3 e5 9. dxe5 {D97: Grünfeld: Russian System: 7 e4, replies other than 7...Bg4} Ng4 {LiveBook: 11 Games} 10. h3 (10. Be2 Nxe5 11. Nxe5 Bxe5 12. O-O Qe7 13. Be3 Be6 14. Qc2 Nd7 15. Rad1 Nf6 16. h3 Rfd8 17. Rxd8+ Rxd8 18. Bxa7 {½-½ (28) Radjabov,T (2735)-Mamedyarov,S (2760) Wijk aan Zee 2008}) 10... Nxe5 11. Nxe5 Bxe5 12. Be3 Qe7 13. g3 $146 (13. Be2 $11) ({Predecessor:} 13. Be2 Nd7 14. O-O Nc5 15. Qb4 Bd6 16. Rad1 b6 {½-½ (41) Tukmakov,V (2520)-Marinkovic,S (2335) Kavala 1991}) 13... Rd8 ({Reject} 13... Bxc3+ $6 14. Qxc3 Re8 15. Bg2 $16) 14. Qc2 Na6 (14... Be6 $15) 15. Bxa6 $1 $11 {The position is equal.} bxa6 16. Kf1 f5 17. Kg2 Bxc3 18. Qxc3 Qxe4+ 19. f3 Qd3 20. Qxd3 Rxd3 21. Kf2 Be6 22. Rhd1 Rxd1 1/2-1/2

[Event "DEN-chT XtraCon 2018-19"]
[Site "Denmark"]
[Date "2019.01.12"]
[Round "5"]
[White "Glud, Jakob Vang"]
[Black "Mikkelsen, Nikolaj"]
[Result "1/2-1/2"]
[WhiteElo "2546"]
[BlackElo "2458"]
[Annotator "ChessBase"]
[PlyCount "41"]
[EventDate "2018.10.27"]
[EventType "team-tourn"]
[EventCountry "DEN"]
[SourceTitle "playchess.com"]
[Source "ChessBase"]
[SourceQuality "1"]
[TimeControl "40/5400+30:1800+30"]

1. c4 {[%emt 0:00:00]} g6 {[%emt 0:02:11]} 2. g3 {[%emt 0:01:09]} Bg7 {[%emt 0:00:09]} 3. Bg2 {[%emt 0:00:08]} e5 {[%emt 0:06:37]} 4. Nc3 {[%emt 0:00:43]} d6 {[%emt 0:00:43]} 5. e4 {[%emt 0:02:25]} Nf6 {[%emt 0:01:06]} 6. Nge2 {[%emt 0:01:16]} O-O {[%emt 0:00:16]} 7. O-O {[%emt 0:01:38]} c6 {[%emt 0:00:18]} 8. d3 {[%emt 0:05:28]} a6 {[%emt 0:00:20]} 9. Be3 {[%emt 0:02:04]} b5 {[%emt 0:04:08]} 10. h3 {[%emt 0:02:19]} b4 {[%emt 0:42:42]} 11. Nb1 {[%emt 0:01:36]} Nbd7 {[%emt 0:03:40]} 12. Nd2 {[%emt 0:04:25]} Bb7 {[%emt 0:04:22]} 13. a3 {[%emt 0:04:52]} a5 {[%emt 0:00:50]} 14. axb4 {[%emt 0:00:11]} axb4 {[%emt 0:00:06]} 15. Rxa8 {[%emt 0:00:08]} Qxa8 {[%emt 0:01:04]} 16. Nb3 {[%emt 0:04:28]} d5 {[%emt 0:05:24]} 17. Qd2 {[%emt 0:06:15]} dxc4 {[%emt 0:04:27]} 18. Ra1 {[%emt 0:01:27]} Qc8 {[%emt 0:00:56]} 19. dxc4 {[%emt 0:00:52]} c5 {[%emt 0:00:36]} 20. Qc2 {[%emt 0:03:13]} Qc7 {[%emt 0:03:10]} 21. f3 {[%emt 0:03:19]} 1/2-1/2

[Event "DEN-chT XtraCon 2018-19"]
[Site "Denmark"]
[Date "2019.01.12"]
[Round "5"]
[White "Hector, Jonny"]
[Black "Hansen, Sune Berg"]
[Result "1/2-1/2"]
[WhiteElo "2492"]
[BlackElo "2590"]
[Annotator "TA"]
[PlyCount "104"]
[EventDate "2018.10.27"]
[EventType "team-tourn"]
[EventCountry "DEN"]
[SourceTitle "playchess.com"]
[Source "ChessBase"]
[SourceQuality "1"]

{[%evp 19,104,16,19,7,7,6,7,11,10,12,10,10,21,10,17,2,5,0,0,0,0,0,1,15,16,10,29,10,15,22,21,35,30,26,17,12,23,14,13,4,8,2,7,0,17,0,25,25,26,24,20,20,20,20,20,20,20,20,21,0,0,0,0,-6,-8,-5,0,0,0,0,0,0,0,0,0,-43,-43,-48,0,0,0,0,0,0,0,0,0]} 1. e4 e5 2. Nf3 Nf6 3. Nxe5 d6 4. Nf3 Nxe4 5. d4 d5 6. Bd3 Be7 7. O-O Nc6 8. c4 Nb4 9. Be2 O-O 10. Nc3 Bf5 {LiveBook: 709 Games} 11. Bf4 {C42: Petroff Defence: 3 Nxe5 and unusual White 3rd moves} (11. a3 Nxc3 12. bxc3 Nc6 13. Re1 Re8 14. Ra2 Na5 15. cxd5 Qxd5 16. Rb2 c6 17. Ne5 Bxa3 18. Bf3 Qd6 19. Rbe2 Bxc1 20. Qxc1 Be6 21. Be4 Rad8 {1-0 (37) Nakamura,H (2787)-Akobian,V (2615) Saint Louis 2016}) 11... dxc4 12. Bxc4 Nxc3 13. bxc3 Nd5 14. Bd2 c6 $146 ({Predecessor:} 14... Nb6 15. Bb3 Bg4 16. h3 Bh5 17. Re1 Bf6 18. g4 Bg6 {1-0 (26) Martin Del Campo C,R (2427)-Ferrera,B (2205) Irapuato 2000}) 15. Re1 Bd6 16. Ne5 f6 17. Ng4 Kh8 18. Qf3 Qd7 19. h3 Rae8 20. Bb3 b5 21. a4 {Strongly threatening axb5.} a6 22. c4 Rxe1+ 23. Rxe1 bxc4 24. Bxc4 {[%mdl 64] [#] Double Attack} Bb4 25. Bxb4 Nxb4 26. Ne3 Bg6 27. Rd1 a5 28. Bb3 Re8 29. Nc4 Qc7 30. h4 h6 31. Qg4 Bh7 32. Qh5 Ra8 33. Re1 {And now Re8+ would win.} Bg8 34. Re8 Rxe8 35. Qxe8 {Black must now prevent Nxa5!} Nd5 36. Ne3 Qb7 37. Nxd5 cxd5 38. Qb5 Qc7 39. g3 Qc1+ 40. Kg2 Qb1 41. h5 Qe4+ {[%mdl 64] [#] Double Attack} 42. Kg1 Qb1+ 43. Kg2 f5 44. Kh2 f4 45. gxf4 Qb2 46. Kg2 Qxd4 47. Qb8 Qe4+ 48. Kg3 Qb1 49. Kg2 {The position is equal.} Qd3 50. Qb5 Qf5 51. Bd1 Qxf4 52. Qxa5 Qg5+ {Accuracy: White = 72%, Black = 83%.} 1/2-1/2

[Event "DEN-chT XtraCon 2018-19"]
[Site "Denmark"]
[Date "2019.01.12"]
[Round "5"]
[White "Schandorff, Lars"]
[Black "Kristensen, Kaare Hove"]
[Result "1-0"]
[WhiteElo "2489"]
[BlackElo "2297"]
[Annotator "TA"]
[PlyCount "87"]
[EventDate "2018.10.27"]
[EventType "team-tourn"]
[EventCountry "DEN"]
[SourceTitle "playchess.com"]
[Source "ChessBase"]
[SourceQuality "1"]

{[%evp 21,86,41,38,6,6,6,8,9,0,0,0,0,0,0,0,0,21,19,26,0,8,0,14,0,0,0,0,0,47,19,25,18,61,42,52,58,61,60,37,12,18,19,170,157,145,146,262,263,260,246,262,210,668,517,491,443,645,510,2463,1836,29991,29992,29992,29993,29993,29993,29999]} 1. d4 d5 2. c4 e6 3. Nf3 c5 4. cxd5 exd5 5. g3 Nc6 6. Bg2 Nf6 7. O-O c4 8. b3 cxb3 9. Qxb3 Be7 10. Bg5 O-O 11. Nc3 Na5 {LiveBook: 7 Games. D34: Tarrasch Defence: 6 g3 Nf6 7 Bg2 Be7} 12. Qc2 (12. Qb5 Be6 13. a4 Rc8 14. Rfc1 Rc4 15. Bxf6 gxf6 16. Nd2 Rxd4 17. Nb3 Nxb3 18. Qxb3 Qd7 19. Rd1 {1-0 (36) Ipatov,A (2577)-Kobese,W (2363) Istanbul 2012}) 12... Be6 13. Rfc1 Rc8 {The position is equal.} 14. Qd3 h6 $146 ({Predecessor:} 14... Nc4 15. Rab1 Nd6 16. Qd1 Qa5 17. Bd2 Qa6 18. Ne5 Nfe4 19. Be1 Nxc3 20. Bxc3 {1-0 (34) Martynov,P (2374)-Zaika,D (2038) St Petersburg 2016}) 15. Bxf6 Bxf6 16. Nd2 Qd7 17. Nb3 Nxb3 18. axb3 b6 19. e3 Be7 20. Ne2 Bd6 21. Qa6 Bb8 22. Rc3 g5 23. Rac1 Rxc3 24. Rxc3 f5 25. b4 Kg7 26. b5 f4 27. exf4 gxf4 28. Nxf4 Bxf4 29. gxf4 Rxf4 30. Re3 Bf7 31. Qa3 Qf5 $2 {[#]} (31... Rg4 $11) 32. Rg3+ $18 Rg4 33. Qxa7 Rxg3 (33... Qb1+ $16 34. Bf1 Qg6) 34. hxg3 Qe6 35. Qc7 Kf6 36. Kh2 {And now Bh3 would win.} Be8 $2 {[#]} (36... Kg7 37. Kg1 Kf8) 37. Qd8+ Kg7 38. Bxd5 Qe2 (38... Qd7 $142 39. Qxd7+ Bxd7) 39. Qc7+ Kh8 (39... Kf8 $142 40. Kg2 Qh5) 40. Kg2 Qxb5 41. Qe5+ {White mates.} Kh7 42. Qe7+ Kg6 43. Be4+ Kh5 44. Qh4# {Accuracy: White = 64%, Black = 37%.} 1-0